000
00304nam a22001217a 4500
082
_a
530
_b
GOV/E
100
_a
GOVERNMENT OF KERALA
245
_a
SIET KERALA ENGINEEERING ENTRANCE TOP WINNER
_b
ENGLISH
260
_a
TRIVANDUM
_b
GOVT. OF KERALA
300
_b
CD
520
_a
PHYSICS ENGINEERING
942
_c
BK
999
_c
7281
_d
7281